000
00280nam a2200121Ia 4500
100
_a
Stout/David F/ Kaufman
942
_c
BK
654
_a
handbook
245
_a
Handbook of Operational amplifier
260
_b
McGraw Hill
_c
1976
082
_a
621.3815
_b
STO/KA
546
_a
ENGLISH
999
_c
35452
_d
35452